Malaysia

Bibliographic Details
Format: Book
Published: s.l : R.Ian Lloyd Productions , 1993
Series:Exotic Asia series
Subjects:

MARC

LEADER 00000cam a2200000 7i4500
001 0000003711
002 000003996
005 20000330.0
020 |a 9810043015 
090 0 0 |a 915.9514   |b MAL 
245 0 0 |a Malaysia 
260 |a s.l :   |b R.Ian Lloyd Productions ,   |c 1993 
300 |a 64p. :   |b ill ;   |c 27cm. 
490 0 |a Exotic Asia series 
651 0 |a Malaysia   |x Description and travel 
999 |a 037165   |b BUKU   |c MALAYSIANA   |e PERPUSTAKAAN KOMUNITI PETALING JAYA